Les pays ayant obtenu leur indépendance récemment - Statistiques

Statistiques générales
  • Ce quiz a été pris 259 fois
  • Le résultat moyen est 25 sur 30
Statistiques - réponses
Ex URSS % Correct
Croatie
96%
Ukraine
96%
Serbie
95%
Slovaquie
95%
Soudan du Sud
95%
Kosovo
94%
République Tchèque
94%
Estonie
93%
Lettonie
93%
Lituanie
93%
Monténégro
93%
Slovénie
93%
Arménie
92%
Géorgie
92%
Bielorussie
91%
Bosnie Herzégovine
91%
Macédoine
90%
Ouzbekistan
87%
Tadjikistan
87%
Azerbaidjan
86%
Turkmenistan
86%
Kazakhstan
85%
Erythrée
83%
Moldavie
83%
Timor Oriental
77%
Russie
70%
Kirghizistan
65%
Namibie
52%
Yemen
23%
Palaos
11%
Aucun quiz correspondant
Distribution des résultats
% des personnes avec chaque résultat
Percentile par nombre de réponses
Votre historique - résultats
Vous n’avez pas pris ce quiz